بھوکا ایتھوپیا / (Record no. 107499)

MARC details
000 -LEADER
fixed length control field 00776nam a22002417a 4500
005 - DATE AND TIME OF LATEST TRANSACTION
control field 20200220154524.0
010 ## - LCCN (DPL NO)
LC control number A-556124
020 ## - INTERNATIONAL STANDARD BOOK NUMBER
Terms of availability 110.00
035 ## - SYSTEM CONTROL NUMBER
System control number A-556124
037 ## - SOURCE OF ACQUISITION
Source of stock number/acquisition Cen Lib/Ret
082 ## - DEWEY DECIMAL CLASSIFICATION NUMBER
Classification number ک
Item number م ش ر
100 ## - MAIN ENTRY--PERSONAL NAME
Personal name مشرّف عالم ذوقی
245 ## - TITLE STATEMENT
Title بھوکا ایتھوپیا /
Statement of responsibility, etc مشرّف عالم ذوقی
246 ## - VARYING FORM OF TITLE
Title proper/short title Bhooka ethopiya /
Remainder of title by Mushrraf Alam Zoqi
260 ## - PUBLICATION, DISTRIBUTION, ETC. (IMPRINT)
Name of publisher, distributor, etc تخلیکر پبلشرس
Place of publication, distribution, etc نیی دہلی
Date of publication, distribution, etc 1993 ء
270 ## - ADDRESS
City نیی دہلی
Address ١٧٧٩، کچہ دکھنی رہے دریاگنج
Postal code 110002
300 ## - PHYSICAL DESCRIPTION
Extent 304p.
Dimensions 21cm(Hb)
650 ## - SUBJECT ADDED ENTRY--TOPICAL TERM
Topical term or geographic name as entry element اردو ادب
650 ## - SUBJECT ADDED ENTRY--TOPICAL TERM
Topical term or geographic name as entry element اردو افسانے
650 ## - SUBJECT ADDED ENTRY--TOPICAL TERM
Topical term or geographic name as entry element Urdu literature
650 ## - SUBJECT ADDED ENTRY--TOPICAL TERM
Topical term or geographic name as entry element Urdu stories
942 ## - ADDED ENTRY ELEMENTS (KOHA)
Source of classification or shelving scheme Dewey Decimal Classification
Item type Urdu Bks
Classification part ک
Call number suffix م ش ر
Holdings
Withdrawn status Lost status Not for loan Home library Current library Date acquired Source of acquisition Cost, normal purchase price Full call number Barcode Copy number Cost, replacement price Koha item type
      Central Library Central Library 08/01/2016 Cen Lib/Ret 110.00 ک م ش ر A-556124 1 110.00 Urdu Bks

© Delhi Public Library
Hit Counter
free hit counter